000
00302nam a2200121Ia 4500
008
220204s9999 xx 000 0 und d
082
_a
681.121.8
_b
ARO
100
_a
Arora, Y L
245
0
_a
Flow measurement techniques
260
_a
Bombay
_b
Universal
_c
1978
650
_a
Flow measurement
942
_c
BK
999
_c
29612
_d
29612